00438pab a2200145 454500008004000000100001900040245009700059260000900156300001500165362000800180650002800188650002200216700002000238773003400258180718b2013 xxu||||| |||| 00| 0 eng d aSehgal, Sanjay aAn empirical investigation of the relationship between net stock issues and returns in India c2013 ap.505-515. aNov aFinance markets - India aFinancial markets aPandey, Asheesh aManagement and Labour Studies